| 000 | 00902nam a2200277 i 4500 | ||
|---|---|---|---|
| 001 | bg | ||
| 003 | BPK | ||
| 005 | 20250517063448.0 | ||
| 008 | 010627s1977 pl a f |000 0 pol | ||
| 015 | _aPB 1977/2889 | ||
| 040 |
_aWA N _cBPK |
||
| 041 | 0 | _apol | |
| 080 | _a62-5 | ||
| 080 | _a536 | ||
| 100 | 1 |
_aSkoczowski, Stanisław _d(1936-2006). |
|
| 245 | 1 | 0 |
_aDwustawna regulacja temperatury / _cStanisław Skoczowski. |
| 260 |
_aWarszawa : _bWydawnictwa Naukowo-Techniczne, _c1977. |
||
| 300 |
_a169, [3] s. : _bil., tab., wykr. ; _c21 cm. |
||
| 490 | 1 | _aAutomatyka. | |
| 504 | _aBibliogr. | ||
| 650 | 4 | _aTermoregulatory | |
| 710 | 2 |
_aWydawnictwa Naukowo-Techniczne _4pbl. |
|
| 856 |
_uhttp://koha.tu.koszalin.pl/cgi-bin/koha/opac-detail.pl?biblionumber=17275 _yKatalog online BPK |
||
| 830 | 0 | _aAutomatyka (Wydawnictwa Naukowo-Techniczne) | |
| 942 |
_2UKD _cKS |
||
| 999 |
_c17275 _d17275 |
||